00750nam a22002057a 4500003000400000005001700004008004100021040002200062082001500084100002700099245002500126260003000151300002000181490001200201505009600213505009900309650004100408650005000449650004500499OSt20230823145528.0221006b |||||||| |||| 00| 0 eng d cBiblioteca Lado V a700bR331a aReeve, Charleseeditor aART PAPERS MAGAZINE/ c1999bMITPREESSaHonduras c25.5x34cma70p. a9v23.5 tFEATURESaSlight of Hand: Photography in the 1990s Maxwell´s Parish Politically Indirect tCOLUMNS AND RESOURCESaLetters News In Venice Surviving Departures Studio Visit Findings 2Tesauro de Arte & ArquitecturaaARTE 2Tesauro de Arte & ArquitecturaaEXHIBICIONES  2Tesauro de Arte & ArquitecturaaANALISIS